000 00314nam a2200109Ia 4500
008 171211s9999 xx 000 0 und d
245 _aDrawing the Draped Figure
245 _cGeorge B. Bridgman
260 _c2012
650 _xDrawing
856 _uhttp://down.ebook777.com/001/Drawing%20the%20Draped%20Figure.epub
999 _c348048
_d348048